Normal view
MARC view
Entry Personal Name
001 - CONTROL NUMBER
- control field: 18189
003 - CONTROL NUMBER IDENTIFIER
- control field: BD-RjUL
005 - DATE AND TIME OF LATEST TRANSACTION
- control field: 20260423102945.0
008 - FIXED-LENGTH DATA ELEMENTS
- fixed length control field: 260423|| aca||aabn | a|a d
040 ## - CATALOGING SOURCE
- Original cataloging agency: BD-RjUL
- Transcribing agency: BD-RjUL
100 ## - HEADING--PERSONAL NAME
- Personal name: আখন্দ, মাহফুজুর রহমান
670 ## - SOURCE DATA FOUND
- Source citation: Work cat.: (BD-RjUL)86387: আখন্দ, মাহফুজুর রহমান , হিউম্যান কালচার ইন ইসলাম /, ২০২৫